[Event "Catarinense-ch 59th"]
[Site "Joinville"]
[Date "2013.09.21"]
[Round "4"]
[White "De Jesus, Lucas Pizzi"]
[Black "Bueno, Jair Cardona"]
[Result "0-1"]
[WhiteElo "1797"]
[BlackElo "1909"]
[PlyCount "58"]
[EventDate "2013.09.19"]
[EventType "swiss"]
[EventRounds "7"]
[EventCountry "BRA"]
[SourceTitle "CBM 156 Extra"]
[Source "ChessBase"]
[SourceDate "2013.10.22"]
[SourceVersion "1"]
[SourceVersionDate "2013.10.22"]
[SourceQuality "1"]

1. e4 e5 2. Nf3 Nc6 3. d4 exd4 4. Nxd4 Nxd4 5. Qxd4 Ne7 6. Be3 Nc6 7. Qd2 d6 8. Bc4 Be6 9. Bd5 Qd7 10. Nc3 Be7 11. f4 Bh4+ 12. Bf2 Bxf2+ 13. Qxf2 f6 14. Qg3 0-0 15. 0-0 a6 16. Rae1 Rae8 17. Bxe6+ Rxe6 18. Nd5 Ree8 19. h4 Ne7 20. Qb3 Kh8 21. Qxb7 Nxd5 22. Qxd5 Qg4 23. Qc6 Re7 24. Qxa6 Qxh4 25. Qc4 g5 26. f5 g4 27. Qd4 Rfe8 28. Re2 g3 29. Rfe1 c5 0-1

[Event "Catarinense-ch U20"]
[Site "Concordia"]
[Date "2013.05.19"]
[Round "6"]
[White "Lazzarin, Patrick"]
[Black "De Jesus, Lucas Pizzi"]
[Result "0-1"]
[WhiteElo "1815"]
[BlackElo "1788"]
[PlyCount "64"]
[EventDate "2013.05.17"]
[EventType "swiss"]
[EventRounds "6"]
[EventCountry "BRA"]
[SourceTitle "EXT 2015"]
[Source "ChessBase"]
[SourceDate "2014.11.20"]
[SourceVersion "1"]
[SourceVersionDate "2014.11.20"]
[SourceQuality "1"]

1. e4 e5 2. Nf3 f5 3. Nc3 fxe4 4. Nxe4 d5 5. Nc3 Bg4 6. Be2 Bxf3 7. Bxf3 c6 8. d3 Nf6 9. 0-0 Bd6 10. Re1 0-0 11. Bg5 Nbd7 12. Ne2 h6 13. Bxf6 Nxf6 14. Ng3 Qb6 15. Qd2 Rad8 16. Nf5 Bc7 17. Qc3 Nd7 18. Ng3 Bd6 19. Qb3 Qc7 20. c4 Nc5 21. Qc2 Ne6 22. cxd5 Nd4 23. Qc4 b5 24. Qc3 Nxf3+ 25. gxf3 cxd5 26. Qb3 Qf7 27. Qxb5 Qxf3 28. Re2 h5 29. Rae1 h4 30. Nf1 h3 31. Ne3 Bb4 32. Qxb4 Rf4 0-1

[Event "Catarinense-ch U20"]
[Site "Concordia"]
[Date "2013.05.18"]
[Round "4"]
[White "Ferri, Victor Hugo"]
[Black "De Jesus, Lucas Pizzi"]
[Result "1-0"]
[WhiteElo "1846"]
[BlackElo "1788"]
[PlyCount "59"]
[EventDate "2013.05.17"]
[EventType "swiss"]
[EventRounds "6"]
[EventCountry "BRA"]
[SourceTitle "EXT 2015"]
[Source "ChessBase"]
[SourceDate "2014.11.20"]
[SourceVersion "1"]
[SourceVersionDate "2014.11.20"]
[SourceQuality "1"]

1. e4 e5 2. d4 exd4 3. c3 dxc3 4. Bc4 Bc5 5. Nxc3 Nf6 6. e5 d5 7. exf6 Qxf6 8. Qe2+ Be6 9. Nxd5 Qd8 10. Nf4 Bb4+ 11. Kf1 0-0 12. Bxe6 Qd6 13. Bb3 Nc6 14. Be3 Nd4 15. Bxd4 Qxd4 16. g3 Rae8 17. Nf3 Qf6 18. Qc2 g5 19. Nxg5 Qxg5 20. Kg2 c6 21. h4 Qf6 22. h5 Re7 23. Ng6 hxg6 24. hxg6 Rd8 25. Bxf7+ Kf8 26. Rad1 Rxd1 27. Qxd1 Re4 28. Qd7 Ba5 29. Qc8+ Bd8 30. Rd1 1-0